000 004570000a22001810004500
020 _a0-939925-05-2
041 0 _aENG
082 0 4 _aG 266 W3351m
100 1 _aWatkins, Morris
245 1 0 _aMissions resource handbook / Morris Watkins
260 _aFullerton, C.A., USA : R.C. Law
300 _a144 Pag
001 7300
942 _cBK
999 _c37516
_d37516
336 _atexto
_btxt
_2rdacontent
337 _2rdamedia
_asin mediación
_bn
338 _2rdacarrier
_avolumen
_bnc